[Event "IRI-ch U14"]
[Site "Chess.com INT"]
[Date "2021.01.16"]
[Round "11"]
[White "Ali Akbari, Sepehr"]
[Black "Vasheghani, Behrad"]
[Result "1-0"]
[WhiteElo "1485"]
[BlackElo "1121"]
[PlyCount "41"]
[EventDate "2021.01.16"]
[EventType "swiss"]
[EventRounds "11"]
[EventCountry "IRI"]
[SourceTitle "EXT 2022"]
[Source "ChessBase"]
[SourceDate "2021.10.06"]
[SourceVersion "1"]
[SourceVersionDate "2021.10.06"]
[SourceQuality "1"]

1. c4 e6 2. g3 Nf6 3. Bg2 c6 4. Nf3 d5 5. 0-0 Bc5 6. d4 Bb6 7. Qc2 0-0 8. Rd1 h6 9. b3 c5 10. dxc5 Bxc5 11. cxd5 Qb6 12. e3 exd5 13. Bb2 Rd8 14. Nc3 d4 15. Na4 Qc6 16. Qxc5 b5 17. Qxc6 Nxc6 18. Nxd4 bxa4 19. Nxc6 Rxd1+ 20. Rxd1 Bb7 21. Ne7+ 1-0

[Event "IRI-ch U14"]
[Site "Chess.com INT"]
[Date "2021.01.16"]
[Round "7"]
[White "Arabi, Hirad"]
[Black "Vasheghani, Behrad"]
[Result "0-1"]
[WhiteElo "1314"]
[BlackElo "1121"]
[PlyCount "74"]
[EventDate "2021.01.16"]
[EventType "swiss"]
[EventRounds "11"]
[EventCountry "IRI"]
[SourceTitle "EXT 2022"]
[Source "ChessBase"]
[SourceDate "2021.10.06"]
[SourceVersion "1"]
[SourceVersionDate "2021.10.06"]
[SourceQuality "1"]

1. d4 d5 2. c4 e6 3. Nf3 Nf6 4. g3 a6 5. Bg2 Bd7 6. b3 dxc4 7. bxc4 Bb4+ 8. Bd2 Bxd2+ 9. Nbxd2 0-0 10. Ne5 Bc6 11. Nxc6 Nxc6 12. Nf3 Ne4 13. 0-0 Nc3 14. Qc2 Nxd4 15. Nxd4 Qxd4 16. e3 Qxc4 17. Rfe1 Qb4 18. a3 Qa5 19. Rec1 Nb5 20. Bxb7 Rab8 21. a4 Rxb7 22. axb5 Qxb5 23. Qc6 Qxc6 24. Rxc6 Ra8 25. Raxa6 Rxa6 26. Rxa6 h6 27. Rc6 Kh7 28. e4 Kg6 29. f4 Rb4 30. f5+ Kf6 31. fxe6 fxe6 32. e5+ Kxe5 33. Rxc7 g5 34. Rh7 Rb1+ 35. Kg2 Rb2+ 36. Kh3 Kf5 37. Rxh6 g4+ 0-1

[Event "IRI-ch U14"]
[Site "Chess.com INT"]
[Date "2021.01.16"]
[Round "1"]
[White "Vasheghani, Behrad"]
[Black "Rezaeipour, Sina"]
[Result "0-1"]
[WhiteElo "1121"]
[BlackElo "1773"]
[PlyCount "106"]
[EventDate "2021.01.16"]
[EventType "swiss"]
[EventRounds "11"]
[EventCountry "IRI"]
[SourceTitle "EXT 2022"]
[Source "ChessBase"]
[SourceDate "2021.10.06"]
[SourceVersion "1"]
[SourceVersionDate "2021.10.06"]
[SourceQuality "1"]

1. e4 e6 2. d4 d5 3. exd5 exd5 4. Nf3 Bd6 5. Bd3 Nc6 6. 0-0 Bg4 7. Re1+ Nge7 8. Bg5 f6 9. Bh4 Qd7 10. Nbd2 0-0-0 11. h3 Bxh3 12. gxh3 Qxh3 13. Qe2 g5 14. Bg3 Bxg3 15. fxg3 Qxg3+ 16. Qg2 Qxg2+ 17. Kxg2 h5 18. Kf2 h4 19. Rh1 Nb4 20. Rae1 Nxd3+ 21. cxd3 Nf5 22. Nh2 Nxd4 23. Ng4 Rdf8 24. Nf3 Nc6 25. Re6 f5 26. Nge5 Nxe5 27. Nxe5 Re8 28. Rxe8+ Rxe8 29. Nf7 Rg8 30. Nh6 Rf8 31. Kg2 Rf6 32. Ng8 Re6 33. Rf1 f4 34. Kh3 Re3+ 35. Kg4 Rg3+ 36. Kf5 h3 37. Rh1 f3 38. Nh6 f2 39. Ng4 Rf3+ 40. Kxg5 f1Q 41. Rxf1 Rxf1 42. Kh4 Rd1 43. Kxh3 Rxd3+ 44. Kg2 Rd2+ 45. Kf1 Rxb2 46. Ne3 d4 47. Nc4 Rxa2 48. Ke1 b5 49. Kd1 bxc4 50. Kc1 c3 51. Kb1 Rh2 52. Kc1 d3 53. Kd1 Rh1# 0-1